| 000 | 00412cam a2200145u 4500 | ||
|---|---|---|---|
| 040 | _cCarP | ||
| 082 | _a674 BOB 1943 A049 Or. | ||
| 100 | 1 | _aHorn, Stanley Fitzgerald, | |
| 245 | 1 | 0 | _aThis fascinating lumber business, |
| 260 |
_aIndianapolis, _aNew York, _bThe Bobbs-Merrill company _c[1943] |
||
| 300 |
_a328 p. _bfront., illus., plates. _c23 cm. |
||
| 650 | 0 | _aLumber trade | |
| 650 | 0 | _aLumbering | |
| 942 | _cEK | ||
| 999 |
_c13922 _d13922 |
||